Odgadnij Województwo po Podpowiedzi - Statystyki

Ogólne statystyki
  • Ten quiz został rozwiązany 66 razy
  • Średni wynik to 13 z 16
Statystyki odpowiedzi
Podpowiedź Województwo % Poprawnych
W tym województwie urodzili sięm.in. Andrzej Duda oraz Jan Matejko Małopolskie
93%
Ma dwie stolice i nie graniczy z innymkrajem Kujawsko-Pomorskie
88%
W tym województwie znajduje sięcentralny punkt Polski Łódzkie
86%
Największe województwo Mazowieckie
86%
Na terenach tego województwa leżypółwysep Helski Pomorskie
86%
W tym województwie leży ponad 2000jezior Warmińsko-Mazurskie
84%
W stolicy tego województwawystępuje ponad 600 krasnali Dolnośląskie
82%
Stolica tego województwa jestnazwana Stolicą Polskiej Piosenki Opolskie
82%
Najdalej wysunięte województwo na południe Podkarpackie
82%
Te województwo ma największą gęstość zaludnienia Śląskie
82%
Leżą tam najstarsze góry w Polsce Świętokrzyskie
81%
W tym województwie leży pierwszastolica Polski Wielkopolskie
79%
Klaun z Koszalina. Po prostu Zachodniopomorskie
79%
Trzecie największe województwo Lubelskie
75%
Żaden klub z tego województwanigdy nie grał w Ekstraklasie Lubuskie
74%
Te województwo ma najmniejszą gęstość zaludnienia Podlaskie
74%
Nie znaleziono quizów pasujących do podanych kryteriów
Rozkład punktacji
Procent ludzi z każdym wynikiem
Percentyl według liczby udzielonych odpowiedzi
Twoja historia wyników
Nie rozwiązałeś tego quizu